000 00223 a2200097 4500
001 48673
100 _a
245 _aDictionary of aeronautical terms
260 _aWashington
_bD C D of Institute
_c
090 _c31587
_d31587
942 _aNUST-CAE
_cM
_c23988
999 _c283746
_d283746